The dialectic of ideology and technology : The origins, Grammar, and the future of ideology

Na minha lista:
Detalhes bibliográficos
Autor principal: Gouldner, Alvin W.
Formato: Livro
Idioma:Undetermined
Publicado em: New York The Seabury Press 1976
Assuntos:
Tags: Adicionar Tag
Sem tags, seja o primeiro a adicionar uma tag!
Thư viện lưu trữ: Trung tâm Học liệu Trường Đại học Cần Thơ
LEADER 00539nam a2200181Ia 4500
001 CTU_78071
008 210402s9999 xx 000 0 und d
082 |a 335.43 
082 |b G696 
100 |a Gouldner, Alvin W. 
245 4 |a The dialectic of ideology and technology : 
245 4 |b The origins, Grammar, and the future of ideology 
245 0 |c Alvin W. Gouldner 
260 |a New York 
260 |b The Seabury Press 
260 |c 1976 
650 |a Communism and society 
980 |a Trung tâm Học liệu Trường Đại học Cần Thơ